Rozvoj československého priemyslu v podmienkach VTR syntetická priebežná správa z riešenia čiastkovej výskumnej úlohy ŠPEV VIII-2-3/6 za obdobie január 1981 - december 1984

Na minha lista:
Detalhes bibliográficos
Formato: Livro
Idioma:eslovaco
Publicado em: Bratislava VŠE 1984
Tags: Adicionar Tag
Sem tags, seja o primeiro a adicionar uma tag!

MARC

LEADER 00000nam a2200000 4500
001 c109854
005 20260325111354.1
041 0 |a slo 
044 |a SK 
245 1 0 |a Rozvoj československého priemyslu v podmienkach VTR  |b syntetická priebežná správa z riešenia čiastkovej výskumnej úlohy ŠPEV VIII-2-3/6 za obdobie január 1981 - december 1984 
264 1 |a Bratislava  |b VŠE  |c 1984 
300 |a 25 s.